| 000 | 00549nam a22001810 4500 | ||
|---|---|---|---|
| 001 | ocm9710805746 | ||
| 003 | PILC | ||
| 005 | 20151013085110.0 | ||
| 008 | 980521s1982 | ||
| 020 | _a9710805746 | ||
| 050 |
_aQD 33 _b.M565 1982 |
||
| 100 | 1 | _aMetcalfe, H. Clark. | |
| 245 | 1 | 0 |
_aModern chemistry / _cH. Clark Metcalfe, John E. Williams, Joseph F. Catska. |
| 260 |
_aNew York : _bHolt, Rinehart and Winston, _c1982. |
||
| 300 |
_aviii, 694 pages : _billustrations ; _c23 cm. |
||
| 650 | _aChemistry. | ||
| 942 |
_2lcc _cBK _kFOR |
||
| 999 |
_c288850 _d288850 |
||